Land management and administration project ministry of land management, urban planning and construction (Record no. 9121)
[ view plain ]
| 000 -LEADER | |
|---|---|
| fixed length control field | 00303nam a22001217a 4500 |
| 040 ## - CATALOGING SOURCE | |
| Transcribing agency | SK |
| 082 ## - DEWEY DECIMAL CLASSIFICATION NUMBER | |
| Classification number | 333 |
| 100 ## - MAIN ENTRY--AUTHOR NAME | |
| Personal name | NA |
| 245 ## - TITLE STATEMENT | |
| Title | Land management and administration project ministry of land management, urban planning and construction |
| 260 ## - PUBLICATION, DISTRIBUTION, ETC. (IMPRINT) | |
| Place of publication | NA |
| Name of publisher | NA |
| Year of publication | 2003 |
| 300 ## - PHYSICAL DESCRIPTION | |
| Number of Pages | 29p. |
| 942 ## - ADDED ENTRY ELEMENTS (KOHA) | |
| Koha item type | សៀវភៅភាសាអង់គ្លេស |
| 952 ## - LOCATION AND ITEM INFORMATION (KOHA) | |
| Withdrawn status [LOCAL, KOHA] | 0 |
| Koha item type | Barcode | Lost status | Permanent Location | Current Location | Date acquired | Full call number |
|---|---|---|---|---|---|---|
| សៀវភៅភាសាអង់គ្លេស | RUA045378 | Library Block B | Library Block B | 2016-08-24 | 333 NA 2003 |